000 01445cam a2200397 a 4500
001 000014519
003 DO-SdBNP
005 20250714091949.0
008 890515s1986 nq b 000 0 spa d
020 _a9684271441
035 _a(DLC) 89141601
040 _aDO-SdBNP
_bspa
_cBNPHU
_dDLC
049 _aBNGR
082 _a321.8
_bN964d
100 1 _aNúñez, Orlando,
_d1948-
_932833
245 1 0 _aDemocracia y revolución en las Américas :
_bagenda para un debate /
_cOrlando Núñez y Roger Burbach ; edición Miguel Martínez ; prólogo Pablo González Casanova.
260 _aManagua :
_bVanguardia,
_c1986.
300 _a262 p. ;
_c18 cm.
490 1 _aCarlos Fonseca
_v1
504 _aIncluye bibliografía: (p. [247]-262).
586 _aPremio Carlos Fonseca de Ciencias Sociales
650 0 _aDemocracia
_9286
650 0 _aSocialismo
_9287
650 0 _aRevoluciones
_932834
650 0 _aMovimientos sociales
_923226
_2LEMB
650 4 _aRadicalismo
_zAmérica Latina
_xHistoria
_932836
650 0 _aMovimientos sociales
_zAmérica Latina
_923226
_2LEMB
650 4 _aMovimientos sociales
_zEstados Unidos
_932838
651 4 _aAmérica Latina
_xPolítica Y Gobienro
_932835
700 1 _aRoger Burbach
_932839
700 1 _aGonzález Casanova, Pablo,
_epról.
_932840
700 1 _aMartínez, Miguel,
_eed.
_932841
830 0 _aCarlos Fonseca ;
_v1
_932842
910 _aCatalogación derivada / LC
942 _2ddc
_cLBS1
999 _c14108
_d14108